Entre Colón y Bolívar (Record no. 3915)

MARC details
000 -CABECERA
campo de control de longitud fija 00991nam a2200241 a 4500
001 - NÚMERO DE CONTROL
campo de control BRCA_4200
005 - FECHA Y HORA DE LA ÚLTIMA TRANSACCIÓN
campo de control 20190320204601.0
008 - DATOS DE LONGITUD FIJA--INFORMACIÓN GENERAL
campo de control de longitud fija 010610s1987----gw-a######---#000-0#spa-#
041 ## - CÓDIGO DE LENGUA
Código de lengua del texto/banda sonora o título independiente spa
044 ## - CÓDIGO DEL PAÍS DE LA ENTIDAD EDITORA/PRODUCTORA
Código MARC del país gw
050 #4 - SIGNATURA TOPOGRÁFICA DE LA BIBLIOTECA DEL CONGRESO
Número de clasificación Z1212
Número de documento/Ítem .P57 1987
100 1# - ENTRADA PRINCIPAL--NOMBRE DE PERSONA
Nombre de persona Piper, Wulf
9 (RLIN) 10831
245 10 - MENCIÓN DE TÍTULO
Título Entre Colón y Bolívar
Mención de responsabilidad, etc. Wulf Piper ; traducido por Bersi Hernández de Küper.
260 ## - PUBLICACIÓN, DISTRIBUCIÓN, ETC.
Lugar de publicación, distribución, etc. Alemania
Nombre del editor, distribuidor, etc. Biblioteca Duque Augusto de Wolfenbütel
Fecha de publicación, distribución, etc. 1987
300 ## - DESCRIPCIÓN FÍSICA
Extensión 110 p.
Otras características físicas il. (algunas a color), mapas
Dimensiones 26 cm.
500 ## - NOTA GENERAL
Nota general Exposición de la Biblioteca Duque Augusto de Wolfenbütel a pedido de la Sociedad Simón Bolívar de Hannover
500 ## - NOTA GENERAL
Nota general Catálogo de la exposición no. 48 de la biblioteca Duque Augusto
651 #4 - PUNTO DE ACCESO ADICIONAL DE MATERIA--NOMBRE GEOGRÁFICO
Nombre geográfico América Latina
Subdivisión de forma Bibliografía
9 (RLIN) 10832
651 #4 - PUNTO DE ACCESO ADICIONAL DE MATERIA--NOMBRE GEOGRÁFICO
Nombre geográfico América Latina
Subdivisión de forma Exposiciones
Subdivisión general Descubrimiento y exploración
9 (RLIN) 10833
651 #4 - PUNTO DE ACCESO ADICIONAL DE MATERIA--NOMBRE GEOGRÁFICO
Nombre geográfico América Latina
Subdivisión de forma Exposiciones
Subdivisión general Descripción y viajes
9 (RLIN) 10834
700 1# - PUNTO DE ACCESO ADICIONAL--NOMBRE DE PERSONA
Nombre de persona Hernández de Küper, Bersi
9 (RLIN) 10835
942 ## - ELEMENTOS DE PUNTO DE ACCESO ADICIONAL (KOHA)
Fuente del sistema de clasificación o colocación Library of Congress Classification
Tipo de ítem Koha Libros
Holdings
Estado de retiro Estado de pérdida Estado dañado No para préstamo Localización permanente Ubicación/localización actual Fecha de adquisición Total de préstamos Signatura topográfica completa Código de barras Fecha visto por última vez Precio válido a partir de Tipo de ítem Koha
El ejemplar forma parte de la colección y puede ser consultado según las políticas vigentes.       Biblioteca del Museo Franz Mayer (Rogerio Casas-Alatriste) Biblioteca del Museo Franz Mayer (Rogerio Casas-Alatriste) 31/05/2010   Z1212 .P57 1987 01272 22/03/2019 22/03/2019 Libros